00475nam a2200133Ia 4500008004100000100003500041245009600076245003500172260005300207260000900260300001000269650001500279856004700294170221s9999 xx 000 0 und d aAlaa Ibrahim Mahmood Al-Nuaimi aExamining Community of Inquiry Model in Influencing E-Learning Usage among Female Students  cAlaa Ibrahim Mahmood Al-Nuaimi bInternational Review of Management and Marketing c2017 a7 : 1 xMarketing. uhttp://www.econjournals.com/index.php/irmm